| 000 | 00581nam a2200181 4500 | ||
|---|---|---|---|
| 001 | 145064 | ||
| 003 | ES-MaACL | ||
| 005 | 20240228172249.0 | ||
| 007 | t| | ||
| 008 | 070214s1919 sp r ||||1| spa d | ||
| 100 | 1 |
_aSombart, Werner. _9107262 |
|
| 245 | 1 | 0 |
_aSocialismo y movimiento social / _cpor Werner Sombart ; traducido de la sexta edición alemana por R. Cansinos Assens. |
| 260 |
_aValencia : _bPrometeo, _c[1919] |
||
| 300 |
_a359 p. ; _c22 x 14 cm. |
||
| 700 | 1 |
_aCansinos Asséns, Rafael, _d1882-1964 _934616 |
|
| 852 |
_aES-MaACL _jF-5484 |
||
| 999 |
_c145064 _d145064 |
||